=LDR 00000nam 2200000 4500 =001 INLIS000000000016227 =005 20130612111509 =008 ***********************************Ind** =035 ##$$0010-061300000016227 =041 ##$$a Ind =082 ##$$a 635.63 =090 ##$$a 635.63, Suw m =100 ##$$a Suwito M, DS =245 ##$$a Manfaatkan lahan 3 bercocok tanam timun, D.S. Soewito M =260 ##$$a 1990 $b Jakarta =300 ##$$a 74 hlm., ilus, 21 cm =650 ##$$a Timun-bercocok tanam =850 ##$$a NBPNMAT